Verím, že čoskoro získame majstrovský titul

Podrobná bibliografia
Hlavný autor: Kaleta, Ľubomír (Autor)
Médium: Článok
Jazyk:slovenčina
Fyzický popis:Fotogr.
ISSN:1335-7573
Predmet:
On-line prístup:www.korzar.sk

MARC

LEADER 00000cab a2200000 ar4500
001 vtls008984914
003 SK-MaSNL
005 20260303065412.0
008 070427c2007 xo wr|p|||||||000 ||slo
038 |a PPPK 
040 |a PPPKCL  |b slo  |c PPPK  |e AACR2 
041 0 |a slo 
044 |a xo  |c SK 
080 |a 796.966-055.2  |2 2001 
100 1 |a Kaleta, Ľubomír  |4 aut  |9 1064252 
245 1 0 |a Verím, že čoskoro získame majstrovský titul  |c Ľubomír Kaleta 
300 |b Fotogr. 
600 1 7 |a Gápa, Peter,  |d 1967-  |2 pppkcl  |9 1037218 
610 2 7 |a HK Tatravagónka ŠKP Poprad  |2 snkbucl  |9 91063 
650 0 7 |a ľadový hokej  |x ženy  |2 pppkcl  |9 1032753 
651 7 |a Poprad (Slovensko)  |2 pppkcl  |9 20155 
773 0 |t Tatranský denník Korzár  |g Roč. VIII, č. 76 (31.3.2006), s.12  |x 1335-7573 
852 |a PPPK  |b KIS3GCP 
856 |u www.korzar.sk 
999 |c 1751062  |d 1752992